comparison of the role of men and women in community based natural resources management between kohkos and tipou communes, santuk district kompong thom province (ការប្រៀបធៀបតួនាទីបុរស និង ស្ត្រីនោក្នុងសហគមន៍គ្រប់គ្រងធនធានធម្មជាតិ ឃុំកកោះ និង ឃុំទីពោរ ស្រុកសន្ទុក ខេត្តកំពង់ធំ) (Record no. 3342)

000 -LEADER
fixed length control field 00851nam a22001577a 4500
003 - CONTROL NUMBER IDENTIFIER
control field OSt
005 - DATE AND TIME OF LATEST TRANSACTION
control field 20151112103740.0
008 - FIXED-LENGTH DATA ELEMENTS--GENERAL INFORMATION
fixed length control field 151112b xxu||||| |||| 00| 0 eng d
040 ## - CATALOGING SOURCE
Transcribing agency RUA
082 ## - DEWEY DECIMAL CLASSIFICATION NUMBER
Classification number FOR KIM 2004 B130 Or.1
100 ## - MAIN ENTRY--PERSONAL NAME
9 (RLIN) 3589
Personal name KIM, MAKARA.
245 ## - TITLE STATEMENT
Title comparison of the role of men and women in community based natural resources management between kohkos and tipou communes, santuk district kompong thom province (ការប្រៀបធៀបតួនាទីបុរស និង ស្ត្រីនោក្នុងសហគមន៍គ្រប់គ្រងធនធានធម្មជាតិ ឃុំកកោះ និង ឃុំទីពោរ ស្រុកសន្ទុក ខេត្តកំពង់ធំ)
260 ## - PUBLICATION, DISTRIBUTION, ETC. (IMPRINT)
Place of publication, distribution, etc. Phnom Penh
Name of publisher, distributor, etc. RUA
Date of publication, distribution, etc. 2004
300 ## - PHYSICAL DESCRIPTION
Extent ix, 46p.
Other physical details ill.
Dimensions 29cm.
942 ## - ADDED ENTRY ELEMENTS (KOHA)
Source of classification or shelving scheme
Koha item type FOR
Holdings
Price effective from Date last seen Permanent Location Not for loan Date acquired Source of classification or shelving scheme Koha item type Lost status Withdrawn status Date last checked out Total Checkouts Shelving location Damaged status Barcode Current Location Full call number
2015-11-122023-08-22Library Block B 2015-11-12 FOR  2023-07-191B130 RUA028292Library Block BFOR KIM 2004 B130 Or.1
2015-11-122023-07-03Library Block B 2015-11-12 FOR  2023-06-051B130 RUA028945Library Block BFOR KIM 2004 B130 Or.2
2015-11-122023-01-27Library Block B 2015-11-12 FOR  2023-01-201B130 RUA026093Library Block BFOR KIM 2004 B130 Or.3
2015-11-122023-02-17Library Block B 2015-11-12 FOR  2023-01-241B130 RUA010263Library Block BFOR KIM 2004 B130 Or.4
2015-11-122015-11-12Library Block B 2015-11-12 FOR    B130 RUA028400Library Block BFOR KIM 2004 B130 Or.5
2015-11-122015-11-12Library Block B 2015-11-12 FOR    B130 RUA028472Library Block BFOR KIM 2004 B130 Or.6
មជ្ឈមណ្ឌលឯការនៃសាកលវិទ្យាល័យភូមិន្ទកសិកម្មចំការដូង

Powered by Koha